LEADER 00889naa a2200229 u 4500 001 000000093160 003 CaOOAMICUS 005 20070226130132.0 008 010621s1929 fr u000 u fre u 035 $a10893464 040 $aPUL(R)$bita 100 1 $aSchücking, Walther,$d1875-$0(OLS)http://pul/name/59980 245 13$aLe développement du pacte de la Société des Nations /$cpar W. Schücking. 260 $a[S. l. :$bs. n.],$c1929. 300 $aP. [349-458] 504 $aBibliografia in nota. 610 24$aLeague of Nations.$0(OLS)http://pul/subject/25378 650 4$aDiritto internazionale.$0(OLS)http://pul/subject/2505 773 0 $tRecueil des cours$gv.V (1927) 773 0 $tRecueil des cours 1927$w()59471 996 $6245$aLe développement du pacte de la Société des Nations$9(OLS)http://pul/title/120036 996 $6260$a[S. l. :$bs. n.]$9(OLS)http://pul/publisher/47882 LEADER 01096nam a2200289 a 4500 001 000000148839 003 CaOOAMICUS 005 20160126154406.0 008 160126s1979 gw u000 u ger r 020 $z3-491-77600-7* 032 $aLibriCat 040 $aPUL$bita 100 1 $aSchierse, Franz Joseph,$d1915-$0(OLS)http://pul/name/12789 245 10$aChristologie /$cFranz Joseph Schierse. 260 $aDüsseldorf :$bPatmos Verlag,$c©1979. 300 $a140 p. ;$c19 cm. 490 1 $aLeitfaden Theologie ;$v02 504 $aBibliografia in nota. 650 4$aCristologia$xStudi.$0(OLS)http://pul/subject/36480 830 0$aLeitfaden Theologie ;$v02.$0(OLS)http://pul/title/175163 850 $aPUL 852 $aPUL$W1$xDP1 Fondo Bordoni$y120$m3 F 51$j166957$qFondi$B173011$CPULBib$Z2$F173011 $HBor864 $81 941 1 $a1 996 $6020$z3-491-77600-7*$9(OLS)http://pul/number/159396 996 $6245$aChristologie$9(OLS)http://pul/title/187675 996 $6260$aDüsseldorf :$bPatmos Verlag$9(OLS)http://pul/publisher/51197